Linear algebra (Record no. 441)
[ view plain ]
| 000 -LEADER | |
|---|---|
| fixed length control field | 00449 a2200181 4500 |
| 001 - CONTROL NUMBER | |
| control field | 066381 |
| 003 - CONTROL NUMBER IDENTIFIER | |
| control field | OSt |
| 005 - DATE AND TIME OF LATEST TRANSACTION | |
| control field | 20210927144817.0 |
| 008 - FIXED-LENGTH DATA ELEMENTS--GENERAL INFORMATION | |
| fixed length control field | |
| 082 ## - DEWEY DECIMAL CLASSIFICATION NUMBER | |
| Classification number | 512.5 |
| Item number | C42L |
| 100 1# - MAIN ENTRY--PERSONAL NAME | |
| Personal name | Cheney, Ward |
| 245 1# - TITLE STATEMENT | |
| Title | Linear algebra |
| Statement of responsibility, etc | by Ward Cheney and David Kincaid |
| 260 ## - PUBLICATION, DISTRIBUTION, ETC. (IMPRINT) | |
| Place of publication, distribution, etc | Boston |
| Name of publisher, distributor, etc | Jones and Bartlett |
| Date of publication, distribution, etc | 2010 |
| 300 ## - PHYSICAL DESCRIPTION | |
| Extent | 740p. |
| 690 ## - LOCAL SUBJECT ADDED ENTRY--TOPICAL TERM (OCLC, RLIN) | |
| Topical term or geographic name as entry element | Algebras, Linear |
| 700 ## - ADDED ENTRY--PERSONAL NAME | |
| Personal name | Kincaid, David |
| 942 ## - ADDED ENTRY ELEMENTS (KOHA) | |
| Source of classification or shelving scheme | Dewey Decimal Classification |
| Koha item type | Books |
| Withdrawn status | Lost status | Source of classification or shelving scheme | Damaged status | Not for loan | Collection code | Home library | Current library | Date acquired | Source of acquisition | Cost, normal purchase price | Total Checkouts | Full call number | Barcode | Date last seen | Date checked out | Price effective from | Koha item type |
|---|---|---|---|---|---|---|---|---|---|---|---|---|---|---|---|---|---|
| Dewey Decimal Classification | General Text Book | Central University Of Rajasthan | Central University Of Rajasthan | 07/03/2012 | MTH | 495.00 | 3 | 512.5 C42L | 667 | 21/11/2024 | 14/08/2023 | 02/09/2020 | Books |
